书目信息 |
| 题名: |
机械设计基础
|
|
| 作者: | 南京工学院 编 | |
| 分册: | 上册 | |
| 出版信息: | 北京 人民教育出版社 1979.3 |
|
| 页数: | 185页 | |
| 开本: | 26cm | |
| 丛书名: | ||
| 单 册: | ||
| 中图分类: | TH11 | |
| 科图分类: | ||
| 主题词: | 机械学 | |
| 电子资源: | ||
| ISBN: | ||
| 000 | 00519nam0 2200181 45 | |
| 001 | 0312221749 | |
| 005 | 20060718093040.76 | |
| 010 | @dCNY1.00 | |
| 100 | @a20031222d1979 km y0chiy0120 ea | |
| 101 | @achi | |
| 200 | 1 | @a机械设计基础@Aji xie she ji ji chu@h上册@f南京工学院等编@FNan Jing Gong Xue Yuan Deng Bian |
| 210 | @a北京@c人民教育出版社@d1979.3 | |
| 215 | @a185页@d26cm | |
| 606 | 0 | @a机械学 |
| 690 | @aTH11@v3 | |
| 701 | 0 | @a南京工学院@4编 |
| 801 | @aCN@bTSTCL@c20060718 | |
| 905 | @a213230@dTH11@e15:1@b74266-267@f2 | |
| 机械设计基础.上册/南京工学院等编.-北京:人民教育出版社,1979.3 |
| 185页;26cm |
| ISBN :CNY1.00 |
| ● |
| 相关链接 |
|
|
|
|
正题名:机械设计基础
索取号:TH11/15:1
 
预约/预借
| 序号 | 登录号 | 条形码 | 馆藏地/架位号 | 状态 | 备注 |
| 1 | 0074266 | 001363946 | 第二样本阅览室/ [索取号:TH11/15:1] | 在馆 | |
| 2 | 0074267 | 001363900 | 第三借阅区/ [索取号:TH11/15:1] | 在馆 | |
| 3 | 0437204 | 204372044 | 密集书库/ [索取号:TH11/15:1] | 在馆 | |
| 4 | 0437205 | 204372053 | 密集书库/ [索取号:TH11/15:1] | 在馆 |